000 00705nam a2200169 i 4500
001 129982
003 ES-MaACL
005 20230906193622.0
007 t|
008 070713s1921 ag ||||1| spa d
245 0 0 _aNuevo sistema de derecho internacional
_b: conferencia leída el 20 de Septiembre de 1921 al ocupar la Cátedra vacante por fallecimiento del Doctor E. del Valle Iberluca.
260 _aLa Plata :
_bM. García,
_c1921.
300 _a39 p. ;
_c24 cm.
500 _aPrecede al tít.: Universidad Nacional de la Plata. Facultad de Ciencias Jurídicas y Sociales.
710 2 _aUniversidad de la Plata.
_bFacultad de Ciencias Jurídicas y Sociales.
_97197
852 _aES-MaACL
_j1708-F-13
999 _c129982
_d129982